লাল তুলি / (Record no. 1013)
[ view plain ]
| 000 -LEADER | |
|---|---|
| fixed length control field | 00667nam a2200217 a 4500 |
| 001 - CONTROL NUMBER | |
| JCCL Control Number | 1013 |
| 003 - CONTROL NUMBER IDENTIFIER | |
| JCCL marc code | BD-JhCC |
| 005 - DATE AND TIME OF LATEST TRANSACTION | |
| control field | 20221124134023.0 |
| 008 - FIXED-LENGTH DATA ELEMENTS--GENERAL INFORMATION | |
| fixed length control field | 171012s2010 bg |||| |||| 000 0 ben d |
| 020 ## - INTERNATIONAL STANDARD BOOK NUMBER | |
| International Standard Book Number | 9847013800897 |
| 035 ## - SYSTEM CONTROL NUMBER | |
| system control number | (BD-JhCC) 1013 |
| 040 ## - CATALOGING SOURCE | |
| Original cataloging agency | BD-JhCC |
| Modifying agency | BD-JhCC |
| 041 ## - LANGUAGE CODE | |
| Language code of Book | ben |
| 082 ## - DEWEY DECIMAL CLASSIFICATION NUMBER | |
| Classification number | 891.443 |
| Author mark and Year | SHO 2010 |
| 100 ## - MAIN ENTRY--PERSONAL NAME | |
| Personal name | শোভন, লস্কর শাহীর |
| 245 ## - TITLE STATEMENT | |
| Title | লাল তুলি / |
| Statement of responsibility, etc | লস্কর শাহীর শোভন |
| 260 ## - PUBLICATION, DISTRIBUTION, ETC. (IMPRINT) | |
| Place of publication, distribution, etc | ঢাকা: |
| Name of publisher, distributor, etc | বিদ্যাপ্রকাশ, |
| Date of publication, distribution, etc | ২০১০ |
| 300 ## - PHYSICAL DESCRIPTION | |
| Pagination | ২৪০ পৃ.; |
| Dimensions | ২২ সে.মি. |
| 650 ## - SUBJECT ADDED ENTRY--TOPICAL TERM | |
| Topical term or geographic name as entry element | Bengali Novel |
| 942 ## - ADDED ENTRY ELEMENTS (KOHA) | |
| Source of classification or shelving scheme | Dewey Decimal Classification |
| Koha item type | Books |
| Koha issues (borrowed), all copies | 2 |
| Source of classification or shelving scheme | Damaged status | Not for loan | Home library | Current library | Date of accession | Cost, normal purchase price | Total Checkouts | Full call number | Barcode | Date last seen | Date checked out | Copy number | Koha item type |
|---|---|---|---|---|---|---|---|---|---|---|---|---|---|
| Dewey Decimal Classification | JCC Rouf Library | JCC Rouf Library | 10/12/2017 | 300.00 | 6 | 891.443 SHO 2010 | 2009 | 01/28/2026 | 09/01/2025 | C-1 | Books |